000 00289nam a2200121Ia 4500
008 241028s9999 xx 000 0 und d
041 _aeng
082 _a121 HET
100 _aStephen
245 _aKey Thinking Epistemology
260 _bContinuum
_aLondon
_c2012
300 _a253;. P. 22 cm
999 _c42820
_d42820